00685nam a2200193Ia 4500003000900000008004100009020002200050040001600072080002000088100002200108245009000130260004800220300001500268650002700283650002100310942000700331999001700338952013600355IN-BaIIA211028s9999 xx 000 0 eng d a978-1-107-01656-9 cIIA Library a524.3-54bIBE-1 aIben, Icko935636 0aStellar evolution physicsbvol. 1, physical processes in stellar interiorscIcko Iben aCambridgebCambridge University Pressc2013 axvi, 890p. aStar-Evaluation935637 aStellar dynamics cBK c18565d18565 00104070aBANbBANcGENd2013-03-26eANJ g3874.00l0o524.3-54/ IBE-1p19487r2021-11-05v3874.00w2013-03-26yBKGRs. 3874.00